[Event "Frankfurt Ch 2005"]
[Site "Ffm-Kalbach, LAZ"]
[Date "2005.05.02"]
[Round "2"]
[White "Göbel, Andreas"]
[Black "Schlamp, Robert"]
[Result "0-1"]
[WhiteElo "1904"]
[BlackElo "2290"]
[PlyCount "42"]
[EventDate "2005.??.??"]

1. Nf3 c5 2. g3 Nc6 3. Bg2 d5 4. d4 e6 5. O-O Nf6 6. b3 Be7 7. Bb2 O-O 8. Nbd2
b5 9. c4 bxc4 10. bxc4 Rb8 11. Rb1 Ba6 12. Qa4 Qc8 13. Ba3 Rxb1 14. Rxb1 dxc4
15. Nxc4 Nd5 16. Rc1 Ncb4 17. dxc5 Nxa2 18. Rc2 Nac3 19. Qb3 Bxc5 20. e4 Bxc4
21. Qxc4 Bxf2+ 0-1

[Event "Frankfurt Ch 2005"]
[Site "Ffm-Kalbach, LAZ"]
[Date "2005.05.02"]
[Round "2"]
[White "Reschke, Stefan"]
[Black "Storck, Eike-Werner"]
[Result "1-0"]
[WhiteElo "2285"]
[BlackElo "1894"]
[PlyCount "75"]
[EventDate "2005.??.??"]

1. d4 f5 2. c4 Nf6 3. g3 g6 4. Bg2 Bg7 5. Nc3 d6 6. d5 c5 7. Nh3 Na6 8. Nf4 Nc7
9. h4 Rb8 10. h5 gxh5 11. e4 Ng4 12. Rxh5 Bd4 13. exf5 Nxf2 14. Qe2 b5 15. Rh4
bxc4 16. Qh5+ Kd7 17. Bf1 Ba6 18. Ne6 Nxe6 19. dxe6+ Kc8 20. Nd5 Nd3+ 21. Bxd3
cxd3 22. Qf7 Rb7 23. Rxd4 cxd4 24. Bd2 Kb8 25. Rc1 Qg8 26. Qxg8+ Rxg8 27. Bf4
d2+ 28. Kxd2 Rxb2+ 29. Rc2 Rb7 30. Nxe7 Rxe7 31. Bxd6+ Kb7 32. Bxe7 Rxg3 33. f6
d3 34. Rb2+ Kc6 35. f7 Rg2+ 36. Kc3 Rxb2 37. Kxb2 d2 38. Kc2 1-0

[Event "Frankfurt Ch 2005"]
[Site "Ffm-Kalbach, LAZ"]
[Date "2005.05.02"]
[Round "2"]
[White "Simon, Eric"]
[Black "Ortmann, David"]
[Result "0-1"]
[WhiteElo "1889"]
[BlackElo "2279"]
[PlyCount "60"]
[EventDate "2005.??.??"]

1. e4 e6 2. d3 d5 3. Nd2 Nf6 4. Ngf3 b6 5. Qe2 Be7 6. g3 dxe4 7. Nxe4 Bb7 8.
Bg2 Nbd7 9. Nfd2 Qc8 10. O-O O-O 11. Nxf6+ Bxf6 12. Ne4 Be7 13. Bd2 e5 14. f4
f5 15. Nc3 Bc5+ 16. Kh1 e4 17. Rfe1 exd3 18. Qxd3 Nf6 19. Qc4+ Kh8 20. Be3
Bxg2+ 21. Kxg2 Qb7+ 22. Kg1 Bxe3+ 23. Rxe3 Rad8 24. Rae1 Ng4 25. Rd3 h6 26.
Rxd8 Rxd8 27. Qe2 Qc6 28. h3 Nf6 29. Qe7 Re8 30. Re6 Qxe6 0-1

[Event "Frankfurt Ch 2005"]
[Site "Ffm-Kalbach, LAZ"]
[Date "2005.05.02"]
[Round "2"]
[White "Solonar, Stefan"]
[Black "Krüger, Till"]
[Result "1-0"]
[WhiteElo "2257"]
[BlackElo "1877"]
[PlyCount "71"]
[EventDate "2005.??.??"]

1. Nf3 Nf6 2. c4 g6 3. Nc3 Bg7 4. e4 d6 5. d4 O-O 6. Be2 e5 7. O-O Nc6 8. d5
Ne7 9. Nd2 a5 10. a3 Nd7 11. Rb1 f5 12. b4 Kh8 13. Qc2 Nf6 14. f3 c6 15. Kh1
axb4 16. axb4 f4 17. dxc6 bxc6 18. Rd1 g5 19. c5 d5 20. Nc4 d4 21. Na4 g4 22.
Nab6 Rb8 23. Nxc8 Rxc8 24. fxg4 Nd7 25. Nd6 Ng6 26. Nxc8 Qxc8 27. b5 cxb5 28.
c6 Nb8 29. Bxb5 Rf6 30. c7 Rf8 31. Ba3 Rg8 32. Rbc1 Na6 33. Bxa6 Qxa6 34. c8=Q
Qxa3 35. Q8c5 Qa8 36. Qd5 1-0

[Event "Frankfurt Ch 2005"]
[Site "Ffm-Kalbach, LAZ"]
[Date "2005.05.02"]
[Round "2"]
[White "Hilbenz, Guntram"]
[Black "Malek, Daniel"]
[Result "0-1"]
[WhiteElo "1877"]
[BlackElo "2254"]
[PlyCount "58"]
[EventDate "2005.??.??"]

1. c4 e6 2. g3 d5 3. Bg2 Nf6 4. d4 Bb4+ 5. Bd2 Be7 6. Nf3 O-O 7. O-O c6 8. Qc2
b6 9. b3 Ba6 10. Rd1 Nbd7 11. Be1 Rc8 12. Nbd2 c5 13. dxc5 Bxc5 14. Qd3 Qc7 15.
Rac1 Rfd8 16. Qb1 Qb8 17. e4 dxc4 18. Nxc4 b5 19. e5 bxc4 20. exf6 Nxf6 21. b4
Rxd1 22. Rxd1 Be7 23. Ng5 c3 24. Qc2 Qxb4 25. Rb1 Qc5 26. Ne4 Nxe4 27. Bxe4 f5
28. Bb7 Bxb7 29. Rxb7 Bf6 0-1

[Event "Frankfurt Ch 2005"]
[Site "Ffm-Kalbach, LAZ"]
[Date "2005.05.02"]
[Round "2"]
[White "Fischer, Arthur"]
[Black "Wendel, Stephan"]
[Result "0-1"]
[WhiteElo "1875"]
[BlackElo "2153"]
[PlyCount "64"]
[EventDate "2005.??.??"]

1. e4 c5 2. c3 Nf6 3. e5 Nd5 4. d4 cxd4 5. Nf3 e6 6. cxd4 d6 7. Bd3 Nb4 8. O-O
Nxd3 9. Qxd3 dxe5 10. Nxe5 Be7 11. Nc3 O-O 12. Be3 Nd7 13. Qe2 Nf6 14. Rfd1 Nd5
15. Rac1 Bd7 16. Nxd5 exd5 17. Nxd7 Qxd7 18. Rc2 Bd6 19. a3 Rfe8 20. g3 g6 21.
Kg2 Re4 22. f3 Re6 23. Qf2 h5 24. Re1 Qa4 25. Rec1 Kg7 26. Qd2 Rae8 27. Bh6+
Kh7 28. Bf4 Qb5 29. Kf2 Bxf4 30. Qxf4 Kg7 31. Rc7 Re2+ 32. Kg1 Re1+ 0-1

[Event "Frankfurt Ch 2005"]
[Site "Ffm-Kalbach, LAZ"]
[Date "2005.05.02"]
[Round "2"]
[White "Schlesinger, Omri"]
[Black "Lehner, Thorsten"]
[Result "1/2-1/2"]
[WhiteElo "2116"]
[BlackElo "1874"]
[PlyCount "115"]
[EventDate "2005.??.??"]

1. e4 e5 2. Nf3 Nc6 3. Bc4 Bc5 4. c3 Nf6 5. d4 exd4 6. O-O Nxe4 7. cxd4 d5 8.
dxc5 dxc4 9. Qxd8+ Kxd8 10. Rd1+ Bd7 11. Be3 Ke7 12. Na3 Be6 13. Nb5 Rac8 14.
Nfd4 Nxd4 15. Bxd4 a6 16. Na3 Rhd8 17. f3 Nf6 18. Rac1 Rd5 19. Be3 Rcd8 20. Re1
Rd3 21. Nxc4 Bxc4 22. Rxc4 Rd1 23. Rc1 Rxc1 24. Rxc1 Nd5 25. Bd2 c6 26. Kf2 f6
27. g4 Kf7 28. h4 Re8 29. b4 Ra8 30. a4 Re8 31. Rb1 Rc8 32. Ke2 f5 33. Rg1 Re8+
34. Kf2 fxg4 35. Rxg4 g6 36. Rd4 Ke6 37. Rg4 Nf6 38. Rf4 Nd5 39. Rc4 Kd7 40.
Bh6 Ke6 41. Bg7 Kf7 42. Bb2 Ke6 43. Rd4 Kf7 44. Bc1 Ke6 45. Bd2 Kf7 46. Rc4 Ke6
47. Rc1 Kf5 48. Rg1 Kf6 49. Rh1 Kf5 50. Rb1 Nf4 51. Bxf4 Kxf4 52. b5 axb5 53.
axb5 Re5 54. Rb4+ Kf5 55. bxc6 bxc6 56. Rc4 h5 57. Kg3 Rd5 58. Rc1 1/2-1/2

[Event "Frankfurt Ch 2005"]
[Site "Ffm-Kalbach, LAZ"]
[Date "2005.05.02"]
[Round "2"]
[White "Hierling, Stefan"]
[Black "Uwira, Oliver"]
[Result "1/2-1/2"]
[WhiteElo "1869"]
[BlackElo "2112"]
[PlyCount "133"]
[EventDate "2005.??.??"]

1. d4 d5 2. c4 Nc6 3. Nc3 dxc4 4. Nf3 Nf6 5. e4 Bg4 6. Be3 e6 7. Bxc4 Bb4 8.
Qd3 O-O 9. Nd2 e5 10. d5 Ne7 11. a3 Bd6 12. Nb5 Ng6 13. f3 Bd7 14. O-O Nh5 15.
Rf2 Nhf4 16. Qb3 Be7 17. Kh1 a6 18. Nc3 Bg5 19. Bc5 b5 20. Bf1 Re8 21. Rd1 h5
22. g3 Nh3 23. Bxh3 Bxh3 24. Ne2 Bh6 25. Ng1 Bd7 26. Be3 Bg5 27. Bxg5 Qxg5 28.
Nf1 h4 29. Qe3 Qh5 30. g4 Qh6 31. Qxh6 gxh6 32. h3 Nf4 33. Ne3 Rad8 34. Rc2 Rc8
35. Ng2 Nxg2 36. Kxg2 c5 37. dxc6 Rxc6 38. Rxc6 Bxc6 39. Rc1 Re6 40. Kf2 Rd6
41. Ke2 b4 42. axb4 Bb5+ 43. Ke1 Rd4 44. Ne2 Rxb4 45. Rc2 Kg7 46. Nc3 Kg6 47.
Rd2 Rb3 48. Kf2 Bc4 49. Nd1 h5 50. Rc2 Be6 51. Rc3 hxg4 52. fxg4 Kg5 53. Ke3
Rb6 54. Rc5 f6 55. Rc7 Rb3+ 56. Rc3 Rxc3+ 57. Nxc3 Bxg4 58. hxg4 Kxg4 59. Ne2
h3 60. Kf2 f5 61. exf5 Kxf5 62. Kg3 Ke4 63. Kxh3 Kd3 64. Nc3 a5 65. Kg3 Kc2 66.
Na4 Kb3 67. Nb6 1/2-1/2

[Event "Frankfurt Ch 2005"]
[Site "Ffm-Kalbach, LAZ"]
[Date "2005.05.02"]
[Round "2"]
[White "Lemonidis, Christos"]
[Black "Benninger, Rudolf"]
[Result "0-1"]
[WhiteElo "1822"]
[BlackElo "1985"]
[PlyCount "59"]
[EventDate "2005.??.??"]

1. e4 g6 2. d3 Bg7 3. Nf3 c5 4. g3 Nc6 5. Bg2 e5 6. O-O Nge7 7. Nh4 O-O 8. Nd2
d5 9. c3 Be6 10. Qe2 Qd7 11. Re1 d4 12. c4 Bg4 13. f3 Bh3 14. f4 Rae8 15. f5
Bxg2 16. Kxg2 gxf5 17. exf5 e4 18. f6 Bxf6 19. Nxe4 Bxh4 20. gxh4 f5 21. Nxc5
Qd6 22. Nxb7 Qg6+ 23. Kh1 Nd5 24. Qf2 Rxe1+ 25. Qxe1 Ndb4 26. Qg3 f4 27. Bxf4
Nxd3 28. Bh6 Qxg3 29. hxg3 Rf7 30. Rd1 0-1

[Event "Frankfurt Ch 2005"]
[Site "Ffm-Kalbach, LAZ"]
[Date "2005.05.02"]
[Round "2"]
[White "Escher, Helmut"]
[Black "Achelrod, Alexandre"]
[Result "1-0"]
[WhiteElo "2012"]
[BlackElo "1847"]
[PlyCount "115"]
[EventDate "2005.??.??"]

1. d4 d5 2. c4 e6 3. Nc3 Nf6 4. Nf3 Nbd7 5. e3 c6 6. b3 Bb4 7. Bd2 O-O 8. a3
Bxc3 9. Bxc3 Ne4 10. Bb2 Qa5+ 11. b4 Qd8 12. Bd3 f5 13. O-O b6 14. Rc1 Bb7 15.
Ne5 Nxe5 16. dxe5 Kh8 17. f3 Ng5 18. Qe2 Qe7 19. c5 b5 20. Bc3 a6 21. Rf2 Rad8
22. Rcf1 Kg8 23. Qc2 Qc7 24. Bb2 Bc8 25. Kh1 Nf7 26. Qc3 Ng5 27. h4 Nf7 28. g4
fxg4 29. fxg4 Qe7 30. g5 Nxg5 31. hxg5 Rxf2 32. Rxf2 Qxg5 33. Qd4 g6 34. Qf4
Qxf4 35. Rxf4 Rd7 36. Bc3 g5 37. Rf6 Rg7 38. Kg2 h5 39. Kg3 Bd7 40. Bg6 h4+ 41.
Kg4 Bc8 42. Be1 Ra7 43. Kxg5 h3 44. Bg3 a5 45. Kh6 axb4 46. axb4 Rg7 47. Bh2
Bd7 48. Rf3 Bc8 49. Rxh3 Ra7 50. Rf3 Rg7 51. Bg3 Ra7 52. Bh4 Rc7 53. Rf2 Ra7
54. Bg5 Rc7 55. Ra2 Bb7 56. Bf6 Rd7 57. Rg2 Kf8 58. Bh7 1-0

[Event "Frankfurt Ch 2005"]
[Site "Ffm-Kalbach, LAZ"]
[Date "2005.05.02"]
[Round "2"]
[White "Liebert, Monika"]
[Black "Vogelgesang, Marc"]
[Result "0-1"]
[WhiteElo "1102"]
[BlackElo "1626"]
[PlyCount "58"]
[EventDate "2005.??.??"]

1. e4 d5 2. e5 c5 3. Nf3 Bg4 4. Bb5+ Nc6 5. O-O Qb6 6. a4 e6 7. h3 Bxf3 8. Qxf3
Nge7 9. Nc3 Ng6 10. Re1 Be7 11. d3 O-O 12. Bxc6 Qxc6 13. Bf4 f6 14. Qg3 fxe5
15. Bxe5 Bh4 16. Bd6 Bxg3 17. Bxf8 Bxf2+ 18. Kxf2 Rxf8+ 19. Kg1 Nh4 20. Re2 Rf6
21. b3 a6 22. Rf1 b5 23. axb5 axb5 24. Rff2 Rxf2 25. Rxf2 Qe8 26. Ne2 Nf5 27.
Rf3 Qa8 28. Kf2 Qa2 29. g3 Qxc2 0-1

[Event "Frankfurt Ch 2005"]
[Site "Ffm-Kalbach, LAZ"]
[Date "2005.05.02"]
[Round "2"]
[White "Busic, Nedjeljko"]
[Black "Kabir, Razaul"]
[Result "0-1"]
[WhiteElo "1857"]
[BlackElo "2012"]
[PlyCount "78"]
[EventDate "2005.??.??"]

1. e4 c5 2. Nf3 e6 3. d4 cxd4 4. Nxd4 Nc6 5. Nc3 Qc7 6. Be2 a6 7. O-O b5 8. Be3
Nf6 9. Nxc6 dxc6 10. f4 b4 11. Na4 c5 12. Bf3 Bb7 13. e5 Nd5 14. Bxd5 Bxd5 15.
b3 Be7 16. Nb2 O-O 17. Qe2 a5 18. Nc4 a4 19. h3 Ra7 20. Rad1 Rfa8 21. Bc1 Qc6
22. Ne3 c4 23. bxc4 Be4 24. Kh2 Bc5 25. Rd2 Qb6 26. Rfd1 h6 27. Nf1 Bg6 28. Rd7
Rxd7 29. Rxd7 Qc6 30. Qd2 Qe4 31. g4 Qxc4 32. Ng3 Bxc2 33. f5 Bb1 34. Nh5 Qxa2
35. fxe6 Qxe6 36. Bb2 a3 37. Nf4 Qa2 38. e6 Qxb2 39. exf7+ Kh7 0-1

[Event "Frankfurt Ch 2005"]
[Site "Ffm-Kalbach, LAZ"]
[Date "2005.05.02"]
[Round "2"]
[White "Rätsch, Kurt"]
[Black "Behnick, Eckhard"]
[Result "0-1"]
[WhiteElo "1852"]
[BlackElo "2009"]
[PlyCount "77"]
[EventDate "2005.??.??"]

1. e4 c5 2. c3 b6 3. d4 Bb7 4. d5 e5 5. dxe6 fxe6 6. Bd3 Nc6 7. Nf3 Qc7 8. Be3
Nf6 9. Nbd2 d5 10. Ng5 d4 11. cxd4 cxd4 12. Nxe6 Qd6 13. Nxd4 Nxd4 14. Qa4+ Nc6
15. Bb5 Kf7 16. Rc1 Rc8 17. O-O Ng4 18. Nf3 Nce5 19. Nxe5+ Qxe5 20. f4 Qb8 21.
Qb3+ Ke7 22. Rcd1 Bc6 23. Bxc6 Rxc6 24. Qd5 Qc8 25. Bd2 Ke8 26. b4 Qe6 27. Qb5
Kf7 28. h3 Nf6 29. e5 Qd5 30. Qa6 Qd4+ 31. Kh2 Nd5 32. Qxa7+ Be7 33. Qb7 Rc7
34. e6+ Kxe6 35. Qa6 Qc4 36. Qa3 Rf8 37. Rfe1+ Kf7 38. Qg3 Kg8 39. Rc1 0-1

[Event "Frankfurt Ch 2005"]
[Site "Ffm-Kalbach, LAZ"]
[Date "2005.05.02"]
[Round "2"]
[White "Schirmer, Karl-Heinz"]
[Black "Völker, Sebastian"]
[Result "0-1"]
[WhiteElo "1846"]
[BlackElo "1989"]
[PlyCount "90"]
[EventDate "2005.??.??"]

1. d4 Nf6 2. c4 e6 3. Nc3 Bb4 4. Bd2 O-O 5. Nf3 d5 6. e3 b6 7. cxd5 exd5 8. Qb3
Bxc3 9. Bxc3 Bf5 10. Be2 Nbd7 11. O-O Re8 12. Bb5 c5 13. Ne5 c4 14. Qa3 Nxe5
15. Bxe8 Neg4 16. h3 Qc7 17. hxg4 Nxg4 18. Bxf7+ Kxf7 19. f4 Nxe3 20. Rf3 Nc2
21. Qa4 Nxa1 22. Rf2 Nc2 23. Rxc2 Bxc2 24. Qxc2 Qxf4 25. Qxh7 Qc1+ 26. Kf2 Rf8
27. Kg3 Qg5+ 28. Kh3 Ke6 29. Qh4 Qxh4+ 30. Kxh4 Kf5 31. Kg3 Ke4 32. Bb4 Rf1 33.
Bc3 Rc1 34. a3 a5 35. Kg4 Kd3 36. Kf5 Rxc3 37. bxc3 Kxc3 38. Ke5 Kb3 39. Kxd5
c3 40. Ke6 c2 41. d5 c1=Q 42. d6 Qe3+ 43. Kf7 Qf4+ 44. Ke7 Qe5+ 45. Kd7 Kc4 0-1

[Event "Frankfurt Ch 2005"]
[Site "Ffm-Kalbach, LAZ"]
[Date "2005.05.02"]
[Round "2"]
[White "Lisanti, Marco"]
[Black "Gutacker, Stephan"]
[Result "1-0"]
[WhiteElo "1988"]
[BlackElo "1827"]
[PlyCount "81"]
[EventDate "2005.??.??"]

1. d4 Nf6 2. c4 e5 3. dxe5 Ng4 4. e4 Nxe5 5. f4 Nec6 6. Nf3 Bc5 7. Nc3 d6 8. a3
a5 9. b3 Bg4 10. Nb5 Qe7 11. Bd3 Nd4 12. Nbxd4 Bxd4 13. Ra2 Nc6 14. Bb1 O-O 15.
h3 Bxf3 16. Qxf3 f5 17. Re2 Qf6 18. exf5 Bc3+ 19. Kf2 Rae8 20. Re4 Rxe4 21.
Bxe4 Re8 22. Bxc6 Bd4+ 23. Kg3 bxc6 24. Qxc6 Re2 25. Qd5+ Kf8 26. Rf1 g6 27.
fxg6 Qxg6+ 28. Kh2 Be3 29. Qa8+ Ke7 30. f5 Qf6 31. Qf3 Qe5+ 32. Kh1 Bxc1 33.
Rxc1 Re3 34. f6+ Kf7 35. Qf2 Re2 36. Qh4 Qf5 37. c5 d5 38. Kg1 Re4 39. Qg3 Ke6
40. Rf1 Qe5 41. Qxe5+ 1-0

[Event "Frankfurt Ch 2005"]
[Site "Ffm-Kalbach, LAZ"]
[Date "2005.05.02"]
[Round "2"]
[White "Rubel, Julian"]
[Black "Ganjian, Mehrdad"]
[Result "0-1"]
[WhiteElo "1981"]
[BlackElo "1808"]
[PlyCount "112"]
[EventDate "2005.??.??"]

1. d4 c6 2. c4 d5 3. Nf3 Nf6 4. e3 Bg4 5. Qb3 Qb6 6. Ne5 Be6 7. Qc2 g6 8. Bd3
Nbd7 9. f4 Nxe5 10. fxe5 dxc4 11. Bxc4 Qb4+ 12. Nd2 Nd5 13. a3 Nxe3 14. Qe4
Qxc4 15. Nxc4 Nxc4 16. O-O Nb6 17. b4 Bg7 18. Bg5 h6 19. Bh4 a6 20. a4 g5 21.
Bg3 O-O 22. h4 Nc4 23. Rf2 Rad8 24. hxg5 hxg5 25. Kh2 Rd7 26. Re2 Rfd8 27. Bf2
Nb6 28. Qe3 Bg4 29. Rc2 f6 30. exf6 Bxf6 31. Qe4 Bh5 32. Rc3 Kg7 33. Rh3 Bg6
34. Qg4 Nd5 35. Rd1 Nxb4 36. Be3 Rd5 37. Qe2 Nc2 38. Bf2 Nxd4 39. Bxd4 Rxd4 40.
Rxd4 Rxd4 41. a5 Rd5 42. Qe6 Bf5 43. Qe1 Bxh3 44. gxh3 Rb5 45. Kg1 Rb3 46. Qe6
Rb2 47. Qd7 c5 48. Qd5 Rb5 49. Qe4 Rxa5 50. Qxb7 c4 51. Qc7 Ra1+ 52. Kg2 c3 53.
Kf3 Rd1 54. Kg4 Rd2 55. Kh5 Rd4 56. Qg3 Rh4+ 0-1

[Event "Frankfurt Ch 2005"]
[Site "Ffm-Kalbach, LAZ"]
[Date "2005.05.02"]
[Round "2"]
[White "Kind, Veronika"]
[Black "Calvi, Stefan"]
[Result "1-0"]
[WhiteElo "1803"]
[BlackElo "1979"]
[PlyCount "93"]
[EventDate "2005.??.??"]

1. e4 c5 2. Nf3 Nc6 3. d4 cxd4 4. Nxd4 Nf6 5. Nc3 e5 6. Ndb5 d6 7. Bg5 a6 8.
Bxf6 gxf6 9. Na3 b5 10. Nd5 f5 11. exf5 Bxf5 12. c3 Bg7 13. Nc2 O-O 14. Nce3
Be6 15. Bd3 f5 16. O-O Ne7 17. Nxe7+ Qxe7 18. Bxf5 Bf7 19. Qd3 h6 20. Be4 Rad8
21. Bd5 Kh8 22. Rae1 Qg5 23. Bxf7 Rxf7 24. Nd5 h5 25. Re3 h4 26. Rh3 Rdf8 27.
Qe4 Bh6 28. Qxh4 Qxh4 29. Rxh4 Kg7 30. Rg4+ Kh7 31. f3 Rg8 32. Rxg8 Kxg8 33.
Rd1 Bf8 34. Re1 Kg7 35. Re4 Kg6 36. a4 Kf5 37. axb5 axb5 38. Rb4 Rb7 39. c4 e4
40. Rxb5 Rxb5 41. cxb5 Bg7 42. fxe4+ Kxe4 43. Nc3+ Kd3 44. Kf1 Bd4 45. g4 Kc2
46. Nd5 Kxb2 47. Ke2 1-0

[Event "Frankfurt Ch 2005"]
[Site "Ffm-Kalbach, LAZ"]
[Date "2005.05.02"]
[Round "2"]
[White "Henzner, Reiner"]
[Black "Lux, Andreas"]
[Result "1-0"]
[WhiteElo "1976"]
[BlackElo "1801"]
[PlyCount "49"]
[EventDate "2005.??.??"]

1. e4 c5 2. Nf3 e6 3. c3 Nc6 4. Bb5 Nge7 5. O-O a6 6. Bxc6 Nxc6 7. d4 d5 8.
exd5 Qxd5 9. dxc5 Qxd1 10. Rxd1 Bxc5 11. Bf4 O-O 12. Nbd2 b5 13. Ne4 Be7 14.
Bd6 Ra7 15. Bc5 Rc7 16. b4 e5 17. Bxe7 Rxe7 18. Rd6 Re6 19. Rad1 a5 20. a3 Rxd6
21. Rxd6 Bb7 22. Nc5 Ba8 23. Nd7 Rd8 24. Nfxe5 Nxe5 25. Nf6+ 1-0

[Event "Frankfurt Ch 2005"]
[Site "Ffm-Kalbach, LAZ"]
[Date "2005.05.02"]
[Round "2"]
[White "Noble, Alexander"]
[Black "Brehme, Ralf"]
[Result "1-0"]
[WhiteElo "1972"]
[BlackElo "1790"]
[PlyCount "69"]
[EventDate "2005.??.??"]

1. Nf3 f5 2. d4 Nf6 3. c4 g6 4. Nc3 Bg7 5. Qc2 O-O 6. g3 d6 7. Bg2 Qe8 8. d5
Na6 9. O-O c6 10. Be3 Ng4 11. Bf4 Ne5 12. Nd2 h6 13. h4 Ng4 14. a3 g5 15. hxg5
Qh5 16. Nf3 hxg5 17. Bxg5 f4 18. gxf4 Bf6 19. Ne4 Bxg5 20. Ng3 Qh6 21. fxg5 Qg7
22. Rad1 Nc5 23. Rd4 Rxf3 24. Rxg4 Bxg4 25. exf3 Bd7 26. b4 Na6 27. f4 Rf8 28.
Qe4 c5 29. b5 Nc7 30. Re1 Rf7 31. Nh5 Qh7 32. g6 Qxh5 33. gxf7+ Qxf7 34. Qxe7
Bf5 35. Qd8+ 1-0

[Event "Frankfurt Ch 2005"]
[Site "Ffm-Kalbach, LAZ"]
[Date "2005.05.02"]
[Round "2"]
[White "Adair, Robin"]
[Black "Bischoff, Ulrich"]
[Result "0-1"]
[WhiteElo "1790"]
[BlackElo "1971"]
[PlyCount "96"]
[EventDate "2005.??.??"]

1. d4 d5 2. g3 Nf6 3. Bg2 c6 4. Nf3 Bg4 5. O-O e6 6. Nbd2 Be7 7. c4 O-O 8. Re1
c5 9. cxd5 exd5 10. Qb3 Qb6 11. Qxb6 axb6 12. Ne5 Be6 13. Ndf3 Ne4 14. Nd3 Nc6
15. dxc5 bxc5 16. Nfe5 Nd4 17. Rb1 Rxa2 18. Be3 Nb3 19. Nc1 Nxc1 20. Rexc1 b6
21. h4 h6 22. Kf1 Bd6 23. Nd3 c4 24. Nf4 b5 25. Rd1 Bxf4 26. Bxf4 b4 27. Bxe4
dxe4 28. Be5 Rc8 29. Rdc1 Rd8 30. Rd1 Rxd1+ 31. Rxd1 c3 32. bxc3 b3 33. c4 Bxc4
34. Rb1 Rxe2 35. Kg1 Rc2 36. Rb2 g6 37. Rxc2 bxc2 38. Bf4 h5 39. Kg2 Be2 40. f3
exf3+ 41. Kf2 f6 42. Ke1 Kf7 43. Kf2 Ke6 44. Bc1 Kf5 45. Be3 g5 46. hxg5 fxg5
47. Kg1 Kg4 48. Kh2 f2 0-1

[Event "Frankfurt Ch 2005"]
[Site "Ffm-Kalbach, LAZ"]
[Date "2005.05.02"]
[Round "2"]
[White "Cors, Heinz-Friedrich"]
[Black "Larem, Peter"]
[Result "1-0"]
[WhiteElo "1970"]
[BlackElo "1724"]
[PlyCount "56"]
[EventDate "2005.??.??"]

1. c4 e5 2. Nc3 Nf6 3. g3 Bb4 4. Bg2 O-O 5. Nf3 Re8 6. O-O c6 7. a3 Bxc3 8.
bxc3 d5 9. d4 exd4 10. Nxd4 dxc4 11. Bg5 Nbd7 12. Re1 Qa5 13. Bd2 Ne5 14. f4
Neg4 15. e4 Bd7 16. e5 Nd5 17. e6 Bxe6 18. Nxe6 Rxe6 19. Qxg4 Qc5+ 20. Kf1 Rae8
21. Rxe6 Rxe6 22. f5 Nf6 23. Qd4 Qxf5+ 24. Qf4 Qd3+ 25. Kg1 Rd6 26. Be1 Re6 27.
Bf3 Re3 28. Rd1 Nd5 1-0

[Event "Frankfurt Ch 2005"]
[Site "Ffm-Kalbach, LAZ"]
[Date "2005.05.02"]
[Round "2"]
[White "Noble, Fabian"]
[Black "Wolf, Udo"]
[Result "0-1"]
[WhiteElo "1728"]
[BlackElo "1963"]
[PlyCount "79"]
[EventDate "2005.??.??"]

1. d4 e6 2. Nf3 f5 3. c3 Nf6 4. Bg5 Be7 5. Nbd2 Ne4 6. Bxe7 Qxe7 7. Qc2 Nxd2 8.
Nxd2 b6 9. e4 fxe4 10. Qxe4 Nc6 11. Bd3 Bb7 12. O-O O-O-O 13. f4 Rdf8 14. Rae1
Nb4 15. Qe2 Nxd3 16. Qxd3 Qh4 17. Qg3 Qh6 18. Re5 Rf6 19. Rg5 g6 20. c4 Rhf8
21. Qe3 Qh4 22. g3 Qh3 23. Rf2 Rxf4 24. Qxf4 Rxf4 25. gxf4 Qe3 26. d5 d6 27.
Kf1 exd5 28. cxd5 Qd3+ 29. Ke1 Bxd5 30. Rg3 Qd4 31. Nf1 Qe4+ 32. Re2 Qxf4 33.
Rge3 Kb7 34. Rf2 Qb4+ 35. Rc3 Bxa2 36. Ne3 Be6 37. Rf6 Qh4+ 38. Rf2 d5 39. Nc2
d4 40. Nxd4 0-1

[Event "Frankfurt Ch 2005"]
[Site "Ffm-Kalbach, LAZ"]
[Date "2005.05.02"]
[Round "2"]
[White "Faqiry, Ramat"]
[Black "Minor, Samuel"]
[Result "0-1"]
[WhiteElo "1717"]
[BlackElo "1948"]
[PlyCount "114"]
[EventDate "2005.??.??"]

1. e4 e6 2. d4 d5 3. Nc3 dxe4 4. Nxe4 Bd7 5. Nf3 Bc6 6. Bd3 Nd7 7. O-O Ngf6 8.
Bg5 Be7 9. Nxf6+ Bxf6 10. Bf4 Bxf3 11. Qxf3 c6 12. c3 O-O 13. Qe4 g6 14. Rad1
Re8 15. Qf3 Qb6 16. b3 Bg7 17. Rfe1 Qa5 18. Bb1 Rac8 19. c4 b5 20. Bd2 Qa3 21.
Bc1 Qa5 22. Bd2 Qb6 23. Be3 Qa6 24. cxb5 Qxb5 25. Bd3 Qb7 26. Qe2 Qb4 27. Bc4
Nb6 28. Qd2 Qxd2 29. Rxd2 Red8 30. Red1 Bf6 31. Bf4 Nxc4 32. bxc4 Kf8 33. f3
Rd7 34. d5 cxd5 35. cxd5 exd5 36. Rxd5 Rxd5 37. Rxd5 Rc2 38. a4 Ra2 39. Ra5
Bd4+ 40. Kf1 Rf2+ 41. Ke1 Rxg2 42. Bb8 Bc3+ 43. Kf1 Bxa5 44. Kxg2 a6 45. Bd6+
Ke8 46. h3 Kd7 47. Bf8 Kc6 48. Kg3 Bd2 49. f4 f5 50. Bh6 Kc5 51. Kh4 Kb4 52.
Kg5 Kxa4 53. Bg7 Kb3 54. h4 Be1 55. h5 gxh5 56. Kxh5 a5 57. Kh6 a4 0-1

[Event "Frankfurt Ch 2005"]
[Site "Ffm-Kalbach, LAZ"]
[Date "2005.05.02"]
[Round "2"]
[White "Bitzer, Andre"]
[Black "Orwatsch, Gerhard"]
[Result "1/2-1/2"]
[WhiteElo "1624"]
[BlackElo "1930"]
[PlyCount "59"]
[EventDate "2005.??.??"]

1. b3 d5 2. Bb2 Nf6 3. e3 Bf5 4. f4 e6 5. Nf3 h6 6. c4 c6 7. cxd5 exd5 8. Be2
Nbd7 9. Nc3 Bd6 10. O-O O-O 11. h3 Nc5 12. g4 Bh7 13. g5 hxg5 14. Nxg5 Bf5 15.
Qe1 Nfe4 16. Ncxe4 Nxe4 17. Nxe4 dxe4 18. Qg3 f6 19. Bc4+ Rf7 20. h4 Kf8 21.
Bxf7 Kxf7 22. Rf2 Qh8 23. Rg2 Rg8 24. Kf2 Qh5 25. Rag1 g6 26. Ke1 Rh8 27. Rh2
Bb4 28. Bc3 Bd6 29. Qg2 a6 30. Rgh1 1/2-1/2

[Event "Frankfurt Ch 2005"]
[Site "Ffm-Kalbach, LAZ"]
[Date "2005.05.02"]
[Round "2"]
[White "Mustafa, Wail"]
[Black "Didicher, Dietmar"]
[Result "1-0"]
[WhiteElo "1924"]
[BlackElo "1650"]
[PlyCount "63"]
[EventDate "2005.??.??"]

1. Nf3 Nf6 2. d4 e6 3. Bg5 h6 4. Bxf6 Qxf6 5. e4 b6 6. Bd3 Bb7 7. Qd2 d6 8. Nc3
a6 9. Ne2 Nd7 10. Qe3 e5 11. c3 d5 12. exd5 Bxd5 13. dxe5 Qe7 14. Ned4 Nc5 15.
O-O O-O-O 16. Bc2 Qe8 17. b4 Ne6 18. Bb3 c5 19. Nxe6 Bxe6 20. Qe4 Kc7 21. Rfd1
Be7 22. Bxe6 fxe6 23. Qc4 Rxd1+ 24. Rxd1 Qa4 25. Rf1 Kd7 26. Qd3+ Ke8 27. Qg6+
Kf8 28. Qxe6 cxb4 29. cxb4 Bxb4 30. Nh4 g5 31. Ng6+ Kg7 32. Qf6+ 1-0

[Event "Frankfurt Ch 2005"]
[Site "Ffm-Kalbach, LAZ"]
[Date "2005.05.02"]
[Round "2"]
[White "Petersen, Gerd"]
[Black "Matzies, Alexander"]
[Result "1-0"]
[WhiteElo "1537"]
[BlackElo "1922"]
[PlyCount "125"]
[EventDate "2005.??.??"]

1. Nf3 Nf6 2. d4 e6 3. Bf4 b6 4. g3 Bb7 5. Bg2 Be7 6. O-O O-O 7. Nbd2 Na6 8. c3
c5 9. Be5 Rc8 10. Bxf6 Bxf6 11. e3 d6 12. Qe2 Nc7 13. Rfd1 cxd4 14. Nxd4 Bxg2
15. Kxg2 Bxd4 16. cxd4 Qd7 17. Nc4 Nd5 18. Rac1 b5 19. Nd2 a5 20. e4 Nb6 21. b3
d5 22. Nf3 dxe4 23. Qxe4 Qd5 24. Qxd5 Nxd5 25. Rc5 Nc3 26. Rc1 Rxc5 27. dxc5 b4
28. a3 Rc8 29. axb4 axb4 30. Ra1 g6 31. Ra5 Kg7 32. Ne1 Kf6 33. Nc2 Ne4 34. Rb5
Rxc5 35. Rxb4 Nxf2 36. Rf4+ Ke5 37. Rxf2 Rc3 38. b4 f5 39. Re2+ Kd6 40. Rd2+
Ke5 41. b5 g5 42. Re2+ Kd6 43. b6 e5 44. Ne3 f4 45. gxf4 gxf4 46. Rd2+ Ke6 47.
Nd1 Rc8 48. b7 Rb8 49. Rb2 e4 50. Kf2 Kd6 51. Nc3 e3+ 52. Kf3 Kc7 53. Nd5+ Kc6
54. Nxf4 Kc7 55. Nd5+ Kc6 56. Nxe3 Rf8+ 57. Ke4 Kc7 58. Kd5 Kb8 59. Kc6 h5 60.
Nc4 h4 61. Nb6 Rf6+ 62. Kd7 h3 63. Ke7 1-0

[Event "Frankfurt Ch 2005"]
[Site "Ffm-Kalbach, LAZ"]
[Date "2005.05.02"]
[Round "2"]
[White "Yilmaz, Ahmet"]
[Black "Gottlieb, Herbert"]
[Result "1-0"]
[WhiteElo "1916"]
[BlackElo "1579"]
[PlyCount "57"]
[EventDate "2005.??.??"]

1. e4 d5 2. exd5 Nf6 3. d4 Nxd5 4. c4 Nf6 5. Nc3 c5 6. d5 e6 7. Nf3 exd5 8.
cxd5 a6 9. a4 Bd6 10. h3 O-O 11. Be2 h6 12. Qc2 Re8 13. O-O Nbd7 14. Be3 b6 15.
Rad1 Ne5 16. Nh4 Nh7 17. Nf5 Bxf5 18. Qxf5 Qf6 19. Qc2 Qg6 20. Qc1 f5 21. f4
Nd7 22. Bf3 c4 23. Ne2 b5 24. Nd4 Bc5 25. Bf2 Rab8 26. Ne6 Bxf2+ 27. Rxf2 Rxe6
28. dxe6 Qxe6 29. Bd5 1-0

[Event "Frankfurt Ch 2005"]
[Site "Ffm-Kalbach, LAZ"]
[Date "2005.05.02"]
[Round "2"]
[White "Diekmann, HaJo"]
[Black "Arvin, Manutcher"]
[Result "1-0"]
[WhiteElo "2110"]
[BlackElo "1753"]
[PlyCount "63"]
[EventDate "2005.??.??"]

1. c4 Nf6 2. Nf3 d6 3. d4 Nbd7 4. Bf4 Nh5 5. Bg5 h6 6. Be3 e5 7. Nc3 Be7 8. g3
O-O 9. Bg2 Nb6 10. b3 Bf6 11. O-O c6 12. Qd2 Re8 13. h3 e4 14. Nh2 d5 15. c5
Nd7 16. g4 Bg5 17. gxh5 Bxe3 18. Qxe3 Nf6 19. f3 Nxh5 20. fxe4 dxe4 21. Rad1
Qh4 22. d5 f5 23. dxc6 f4 24. Qf2 Qg5 25. Rd5 e3 26. Qf3 Bf5 27. cxb7 Rab8 28.
Rxf5 Qxf5 29. Qd5+ Qxd5 30. Bxd5+ Kh8 31. c6 Re7 32. Nb5 1-0